| 000 | 00542nam a22001817a 4500 | ||
|---|---|---|---|
| 005 | 20130712123639.0 | ||
| 010 | _aENG-107969 | ||
| 020 |
_c595.00 _a9789380755298 |
||
| 035 | _aEN-91502 | ||
| 037 | _bDBAD/PUB | ||
| 100 | _aKennedy, Melville T. | ||
| 245 | 0 | 0 |
_aThe Religious life of India : _cby Melville T. Kennedy _bA study of the Vaishnavism of Bengal / |
| 260 |
_aKolkata _bAruna Prakashan _c2013 |
||
| 270 |
_a2, Kalidas Singha Lane, _bKolkata _e700009 |
||
| 300 |
_a270p. _c18cm(Hb) |
||
| 500 | _aIncludes index | ||
| 942 |
_2ddc _cEN _mKEN |
||
| 999 |
_c77443 _d77443 |
||